000
00316nam a22001217a 4500
020
_a
0-520-03524-0
082
_a
355 SHI'D
100
_a
SHIBUTANI, TAMOTSU
_9
48730
245
_a
THE DERELICTS OF COMPANY A SOCILOGICAL STUDY OF DEMORALIZATION
260
_a
LONDON
_b
CALIFORNIA
_c
1978
300
_a
455P
942
_c
BK
999
_c
580877
_d
580877